| 000 | 02075cam a22003251i 4500 | ||
|---|---|---|---|
| 003 | SA-RiAUC | ||
| 005 | 20250712151243.0 | ||
| 008 | 250711s2009 le g 00010 ara c | ||
| 040 |
_aIMAM _bara _cSA-RiAUC _erda |
||
| 082 | 0 | 4 |
_a252.5 _qSA-RiAUC |
| 090 |
_a252.5 _bع ب د |
||
| 100 | 1 |
_aعبد الغني، حسين بن محمد سعيد، _d1308-1366 هجري _eمؤلف. |
|
| 245 | 1 | 0 |
_aحاشية إرشاد الساري إلى مناسك الملا علي القاري على المسلك المتقسط في المنسك المتوسط للإمام العلامة ملا علي بن سلطان محمد القاري المكي الحنفي : _bوهو شرح للمنسك المتوسط المسمى لباب المناسك للإمام العلامة ملا رحمة الله بن عبد الله السندي المكي الحنفي / _cحسين بن محمد سعيد بن عبد الغني المكي الحنفي ؛ تحقيق وتقديم محمد طلحة بلال أحمد منيار. |
| 250 | _aالطبعة الأولى. | ||
| 264 | 1 |
_aبيروت : _bمؤسسة الريان، _c2009 |
|
| 300 |
_a880 صفحة ؛ _c24 سم |
||
| 336 |
_aنص _btxt _2rdacontent _3كتاب |
||
| 337 |
_aبدون وسيط _bn _2rdamedia |
||
| 338 |
_aمجلد _bnc _2rdacarrier |
||
| 650 | 7 |
_aالحج (فقه إسلامي) _xمناسك _2aucsh |
|
| 700 | 1 |
_aمنيار، محمد طلحة بلال _eمحقق. |
|
| 700 | 1 | 2 |
_aعلي القاري، علي بن محمد الهروي، _cالملا، _dتوفي 1014 هجري |
| 700 | 1 | 2 |
_aالسندي، رحمة الله بن عبد الله بن إبرهيم، _dتوفي 993 هجري |
| 740 | 0 | 2 | _aشرح ملا علي القاري، المسمى، المسلك المتقسط في المنسك المتوسط. |
| 740 | 2 | 2 | _aالمسلك المتقسط في المنسك المتوسط. |
| 740 | 0 | 2 | _aلباب المناسك وعباب المسالك، المشهور، بالمنسك المتوسط. |
| 740 | 2 | 2 | _aالمنسك المتوسط. |
| 942 |
_2ddc _cBOOK _n0 |
||
| 949 |
_aSA-JeALM _d250711 _umohamedma123 _n1 |
||
| 999 |
_c9809 _d9809 |
||